• 首页
  • 本馆介绍
  • 公告通知
  • 最新文献
  • 馆藏检索
  • 电子资源
  • 读者导购
  • 参考咨询
  • 我的图书馆
  • 登录
  • 详细信息显示
  • 放入我的书架
  • 预约/预借图书
  • 作者相关作品
  • 分类相关作品
  • 丛书相关作品
  • 出版社相关作品

书目信息

  • 表格格式
  • 工作单格式
  • 卡片格式
题名:
音乐美学
    
 
作者: ;唐山师范学院音乐系 编
分册: 上  
出版信息: 不详   不详  不详
页数: 110页
开本: 26cm
丛书名:
单 册:
中图分类: J601
科图分类:
主题词: 音乐--艺术理论 , 音乐学 , 音乐社会学
电子资源:
ISBN:
000 00598nam0 2200205 450
001 0656081172
005 20070626164632.47
010    @d不详
100    @a20060314d km y0chiy0120 ea
101 0  @achi
200 1  @a音乐美学@Ayin yue mei xue@h上@f唐山师范学院音乐系编@Ftang shan shi fan xue yuan yin yue xi bian
210    @a不详@c不详@d不详
215    @a110页@d26cm
606 0  @a音乐@x艺术理论
606 0  @a音乐学
606 0  @a音乐社会学
690    @aJ601@v4
711  0 @a唐山师范学院音乐系@Atang shan shi fan xue yuan yin yue xi@4编
801  0 @aCN@bPFT@c20070626
905    @a10447@dJ601@e316:1
    
    音乐美学.上/唐山师范学院音乐系编.-不详:不详,不详
    110页;26cm
    
    
    ISBN :不详
    
●
相关链接 在E读中查询图书 在五车中查询图书 在当当中查询图书 在豆瓣中查询图书


正题名:音乐美学     索取号:J601/316:1         预约/预借

序号 登录号 条形码 馆藏地/架位号 状态 备注
1 0339988   203399884   第一样本阅览室/ [索取号:J601/316:1] 在馆    
2 0339989   203399893   第一借阅区/ [索取号:J601/316:1] 在馆    
3 0339990   203399900   第一借阅区/ [索取号:J601/316:1] 在馆    
4 0339991   203399919   第一借阅区/ [索取号:J601/316:1] 在馆    
5 0339992   203399928   第一借阅区/ [索取号:J601/316:1] 在馆    
6 0681344   206813448   库房3/ [索取号:J601/316:1] 在馆    
7 0681345   206813457   库房3/ [索取号:J601/316:1] 在馆    
8 0681346   206813466   库房3/ [索取号:J601/316:1] 在馆    
9 0681347   206813475   库房3/ [索取号:J601/316:1] 在馆    
10 0681348   206813484   库房3/ [索取号:J601/316:1] 在馆    
11 0681349   206813493   库房3/ [索取号:J601/316:1] 在馆    
12 0681350   206813509   库房3/ [索取号:J601/316:1] 在馆    
13 0681351   206813518   库房3/ [索取号:J601/316:1] 在馆    
14 0681352   206813527   库房3/ [索取号:J601/316:1] 在馆    
15 0681353   206813536   库房3/ [索取号:J601/316:1] 在馆    
16 0681354   206813545   库房3/ [索取号:J601/316:1] 在馆    
17 0681355   206813554   库房3/ [索取号:J601/316:1] 在馆    
18 0681356   206813563   库房3/ [索取号:J601/316:1] 在馆    
19 0681357   206813572   库房3/ [索取号:J601/316:1] 在馆    
20 0681358   206813581   库房3/ [索取号:J601/316:1] 在馆    
21 0681359   206813590   库房3/ [索取号:J601/316:1] 在馆    
22 0681360   206813607   库房3/ [索取号:J601/316:1] 在馆    
23 0681361   206813616   库房3/ [索取号:J601/316:1] 在馆    
24 0681362   206813625   库房3/ [索取号:J601/316:1] 在馆    
25 0681363   206813634   库房3/ [索取号:J601/316:1] 在馆    
26 0681364   206813643   库房3/ [索取号:J601/316:1] 在馆    
27 0681365   206813652   库房3/ [索取号:J601/316:1] 在馆    
28 0681366   206813661   库房3/ [索取号:J601/316:1] 在馆    
29 0681367   206813670   库房3/ [索取号:J601/316:1] 在馆    
30 0681368   206813689   库房3/ [索取号:J601/316:1] 在馆    
31 0681369   206813698   库房3/ [索取号:J601/316:1] 在馆    
唐山师范学院图书馆 欢迎您!
大连网信软件有限公司© 版权所有